000 00322nam a2200157Ia 4500
100 _aYadav/S.K
650 _aGraph theory
942 _cBK
366 _f25
245 _aElements of Graph theory
260 _bAne Books
_c2010
082 _a511.5
_bYAD
300 _a260
546 _aENGLISH
_cInfo.Tech
999 _c29338
_d29338